000 00282nam a22001097a 4500
008 160512b xxu||||| |||| 00| 0 eng d
020 _a9786082292557
041 _aeng
080 _a612.39
245 _aUshqimi / Kimia e komponenteve perberes te ushqimit:
_cKaltejt;
942 _2udc
_cBK
999 _c2108
_d2108